Statistiques concernant Gabriel Rabillard

Cliquez ici pour prendre le quiz!

Statistiques générales

  • Ce quiz a été pris 2 fois
  • Le résultat moyen est 4 sur 10

Statistiques - réponses

QuestionRéponse% Correct
Quelle est mon nom de famille ?Rabillard
100%
Mon équipe préféré ?Arsenal
50%
Mon amoureux ?Arthur Delaune
50%
Je connais le mieux...Arthur Delaune
50%
Mon pied fort ?Gauche le même que Messi
50%
Je détesteles nazis
50%
Je préfère...Mes parents
50%
Ma date de naissance ?17/04/03
0%
Je suis...PD comme un phoque
0%
Je préfèreValentin
0%

Distribution des résultats

Percentile par nombre de réponses

% des personnes avec chaque résultat

Votre développement - résultats

Vous n’avez pas pris ce quiz